История физической культуры и спорта: учебное пособие для вузов

Opis bibliograficzny
1. autor: Голощапов Б. Р. Борис Романович
Streszczenie:В учебном пособии рассказывается о происхождении, формировании, развитии и функционировании основных отечественных и зарубежных систем физического воспитания, международного спортивного движения. В рамках этих систем рассматривается эволюция общих принципов физической культуры и спорта, таких, как ее оздоровительная направленность, формирование положительных личностных качеств в процессе физического воспитания и т.п. Для студентов высших учебных заведений. Пособие может быть полезно также студентам средних педагогических учебных заведений, преподавателям специализированных вузов и колледжей, учителям физической культуры.
Język:rosyjski
Wydane: Москва, Академия, 2004
Wydanie:2-е изд., перераб.
Seria:Высшее профессиональное образование. Педагогические специальности
Hasła przedmiotowe:
Format: Książka
KOHA link:https://koha.lib.tpu.ru/cgi-bin/koha/opac-detail.pl?biblionumber=122944

MARC

LEADER 00000nam0a2200000 4500
001 122944
005 20231031130321.0
010 |a 5769517549 
035 |a (RuTPU)RU\TPU\book\133094 
035 |a RU\TPU\book\124610 
090 |a 122944 
100 |a 20070504d2004 m y0rusy50 ca 
101 0 |a rus 
102 |a RU 
105 |a a j 001zy 
200 1 |a История физической культуры и спорта  |e учебное пособие для вузов  |f Б. Р. Голощапов 
205 |a 2-е изд., перераб. 
210 |a Москва  |c Академия  |d 2004 
215 |a 312 с.  |c ил. 
225 1 |a Высшее профессиональное образование. Педагогические специальности 
320 |a Библиогр.: с. 308-310. 
330 |a В учебном пособии рассказывается о происхождении, формировании, развитии и функционировании основных отечественных и зарубежных систем физического воспитания, международного спортивного движения. В рамках этих систем рассматривается эволюция общих принципов физической культуры и спорта, таких, как ее оздоровительная направленность, формирование положительных личностных качеств в процессе физического воспитания и т.п. Для студентов высших учебных заведений. Пособие может быть полезно также студентам средних педагогических учебных заведений, преподавателям специализированных вузов и колледжей, учителям физической культуры. 
451 1 |0 (RuTPU)RU\TPU\book\124610  |y 5-7695-2396-4  |t История физической культуры и спорта  |o учебное пособие для вузов  |f Б. Р. Голощапов  |e 3-е изд., стер.  |c М.  |n Академия  |d 2005  |p 312 с.  |s Высшее профессиональное образование. Педагогические специальности  |a Голощапов, Борис Романович 
610 1 |a спорт 
610 1 |a физическая культура 
610 1 |a история 
610 1 |a зарубежные страны 
610 1 |a Россия 
610 1 |a Древний мир 
610 1 |a средние века 
610 1 |a 17 век 
610 1 |a 18 век 
610 1 |a 19 век 
610 1 |a 20 век 
610 1 |a СССР 
610 1 |a международное сотрудничество 
610 1 |a международное спортивное движение 
610 1 |a учебные пособия 
675 |a 796(09)(075.8)  |v 3 
700 1 |a Голощапов  |b Б. Р.  |g Борис Романович 
801 1 |a RU  |b 63413507  |c 20071010  |g PSBO 
801 2 |a RU  |b 63413507  |c 20150416  |g PSBO 
900 |a История физической культуры и спорта 
942 |c BK 
951 |b 032101  |b 032100 
959 |a 70/20071010  |d 1  |e 186,00  |f ЧЗГЛ:1